| 000 | 01224nam0a22002411 4500 | ||
|---|---|---|---|
| 001 | rc\2900579 | ||
| 005 | 20260407220408.0 | ||
| 035 | _a(NLR Aleph) 007051936 | ||
| 090 |
_a6199682 _c6199682 |
||
| 100 | _a20110802d1934 |||y0rusy50 ca | ||
| 101 | 0 | _arus | |
| 102 | _aRU | ||
| 105 | _ay b ||||| | ||
| 200 | 1 |
_aКаталог книг Азово-Черноморского книгоиздательства, печатающихся в III квартале 1934 г. _fАзово-Черноморск. краев. кн-во. Азово-Черномор. краев. отд-ние Когиз'а |
|
| 210 |
_aРостов н/Д _cАзово-Черномор. краев. книгоизд-во _d1934 _gтип. им. Коминтерна |
||
| 215 |
_a31 с. _d21×14 см |
||
| 710 | 0 | 2 |
_aАзово-Черноморское краевое издательство _9788246 _3RU\NLR\AUTH\8810146873 |
| 712 | 0 | 2 |
_aВсесоюзное книготорговое объединение государственных издательств _bАзово-Черноморское краевое отделение _4570 |
| 801 | 0 |
_aRU _bNLR _gpsbo |
|
| 801 | 1 |
_aRU _bELAR _2rusmarc |
|
| 852 |
_aNLR _j678/А35 |
||
| 942 | _cBOOK | ||
| 980 | _aNB | ||